00706cam a22002051 4500001001300000003000400013005001700017008004100034010001700075035001900092040004500111042001200156050002200168110004200190245012900232260006100361300003000422650003100452999001700483gs 30000313 DLC20260227111335.0800627s1930 ctu 000 0 eng c ags 30000313  a(OCoLC)6467396 aLibrary, U.S. Geological SurveycVidDLC apremarc00aTD224.C8bA5 19301 aConnecticut.bState Water Commission.10aReport on the water resources of Connecticut,cby State Water Commission, pursuant to Special act 427, chapter 413, 1929 ... aHartford,bPrinted by the State Water Commission,c1930. a54 p.bfold. map.c23 cm. 0aWater-supplyzConnecticut. c26834d26834